Online Catalogue and eLibrary

Myths of the nation : (Record no. 3380)

MARC details
000 -LEADER
fixed length control field 00544nam a2200157Ia 4500
005 - DATE AND TIME OF LATEST TRANSACTION
control field 20241218013539.0
008 - FIXED-LENGTH DATA ELEMENTS--GENERAL INFORMATION
fixed length control field 240331s9999 xx 000 0 und d
020 ## - INTERNATIONAL STANDARD BOOK NUMBER
ISBN 0198183399
082 ## - DDC Classification
Item Number - Author Mark SET
Class No. 891
100 ## - MAIN ENTRY--PERSONAL NAME
Personal name Sethi, R
245 #0 - TITLE STATEMENT
Title Myths of the nation :
Remainder of title national identity and literary representation
260 ## - PUBLICATION, DISTRIBUTION, ETC.
Place of publication, distribution, etc. New York
Name of publisher, distributor, etc. Oxford University Press
Date of publication, distribution, etc. 1999
300 ## - PHYSICAL DESCRIPTION
Extent (e.g. Volumes, Pages etc.) viii, 221 p .,
500 ## - GENERAL NOTE
General note Myths of the Nation Focuses on the Construction of Forms of Historical Consciousness in Narratives, or schools of Narrative.
942 ## - Koha item type (Biblio)
Koha item type Books in Stacks (Lending)
Holdings
Lost status Damaged status Collection code Home library Current library Shelving location Date acquired Full call number Accession Number Item type
    Lending WERC Library WERC Library Social Science Cupboard 03/31/2024 891.1 SET 4101 Books in Stacks (Lending)

© WERC Library